Ekonomika cestovného ruchu a podnikanie vedecký časopis Obchodnej fakulty Ekonomickej univerzity v Bratislave

Gespeichert in:
Bibliographische Detailangaben
Format: Schriftenreihe
Sprache:Slowakisch
Veröffentlicht: Bratislava Katedra služieb a cestovného ruchu OBF EU 2016
Tags: Tag hinzufügen
Keine Tags, Fügen Sie das erste Tag hinzu!

MARC

LEADER 00000nas2a2200000 4500
001 0227681
005 20170302122119.7
022 |a 1337-9313 
041 0 |a slo 
044 |a SK 
245 1 0 |a Ekonomika cestovného ruchu a podnikanie  |b vedecký časopis Obchodnej fakulty Ekonomickej univerzity v Bratislave 
264 1 |a Bratislava  |b Katedra služieb a cestovného ruchu OBF EU  |c 2016 
773 0 |w eu_un_cat*0226455